| 000 | 02710cam a2200217 4500 | ||
|---|---|---|---|
| 001 | 3817 | ||
| 005 | 20181127172041.0 | ||
| 008 | 120302s2012 nyu 000 1 eng | ||
| 010 | _a 2012006335 | ||
| 020 | _a9780007490783 | ||
| 100 | 1 |
_aMantel, Hilary, _d1952- |
|
| 245 | 1 | 0 |
_aBring up the bodies : _ba novel / _cHilary Mantel. |
| 260 |
_aLondon : _bFourth Estate, _c2012. |
||
| 300 |
_axiii, 411 p. ; _c19 cm. |
||
| 500 | _aSequel to: Wolf Hall. | ||
| 520 |
_a"The sequel to Hilary Mantel's 2009 Man Booker Prize winner and New York Times bestseller, Wolf Hall delves into the heart of Tudor history with the downfall of Anne Boleyn Though he battled for seven years to marry her, Henry is disenchanted with Anne Boleyn. She has failed to give him a son and her sharp intelligence and audacious will alienate his old friends and the noble families of England. When the discarded Katherine dies in exile from the court, Anne stands starkly exposed, the focus of gossip and malice. At a word from Henry, Thomas Cromwell is ready to bring her down. Over three terrifying weeks, Anne is ensnared in a web of conspiracy, while the demure Jane Seymour stands waiting her turn for the poisoned wedding ring. But Anne and her powerful family will not yield without a ferocious struggle. Hilary Mantel's Bring Up the Bodies follows the dramatic trial of the queen and her suitors for adultery and treason. To defeat the Boleyns, Cromwell must ally with his natural enemies, the papist aristocracy. What price will he pay for Anne's head?"-- _cProvided by publisher. |
||
| 520 |
_a"Though he battled for seven years to marry her, Henry is disenchanted with Anne Boleyn. She has failed to give him a son and her sharp intelligence and audacious will alienate his old friends and the noble families of England. When the discarded Katherine dies in exile from the court, Anne stands starkly exposed, the focus of gossip and malice. At a word from Henry, Thomas Cromwell is ready to bring her down. Over three terrifying weeks, Anne is ensnared in a web of conspiracy, while the demure Jane Seymour stands waiting her turn for the poisoned wedding ring. But Anne and her powerful family will not yield without a ferocious struggle. Hilary Mantel's Bring Up the Bodies follows the dramatic trial of the queen and her suitors for adultery and treason. To defeat the Boleyns, Cromwell must ally with his natural enemies, the papist aristocracy. What price will he pay for Anne's head?"-- _cProvided by publisher. |
||
| 600 | 1 | 0 |
_aCromwell, Thomas, _cEarl of Essex, _d1485?-1540 _vFiction. |
| 651 | 0 |
_aGreat Britain _xHistory _yHenry VIII, 1509-1547 _vFiction. |
|
| 655 | 7 |
_aHistorical fiction. _2gsafd |
|
| 999 |
_c3122 _d3122 |
||